1127 1467 1937 1429 1207 1002 1607 1984 1488 1673 1991 1751 1525 1737 1599 1489 1734 1164 1928 1148 1991 1609 1179 1400 1395 1898 1135 1521 1695 1982 1640 1018 1426 1044 1777 1489 1343 1365 1692 1190 1838 1473 1735 1633 1252 1723 1085 1265 1925 1865 1502 1468 1452 1367 1599 1230 1644 1409 1697 1809 1657 1842 1272 1254 1417 1898 1473 1764 1199 1067 1687 1234 1000 1710 1686 1647 1049 1085 1596 1519 1459 1933 1783 1856 1827 1780 1220 1845 1658 1919 1073 1687 1054 1445 1113 1664 1380 1504 1292 BCNSPRNW ULIB Ver.6.0+V

เปลี่ยนเป็นภาษาไทย

Change to English
 แสดงรายละเอียดบรรณานุกรม
  กลับหน้าหลัก

Brief Record : Get Marc (ISO 2709) : E-mail record : QR code < ปิดหน้าต่าง
LEADER : 00000nas 2200000uu 4500
001    13399126864
003     ULIB
008    190625s2561||||th 000 0 tha d
022 0  ^a26730723
110 1  ^aวิทยาลัยพยาบาลบรมราชชนนี สรรพสิทธิประสงค์
245 00 ^aวารสารวิทยาศาสตร์สุขภาพวิทยาลัยพยาบาลบรมราชชนนี สรรพสิทธิประสงค์^bวิทยาลัยพยาบาลบรมราชชนนี สรรพสิทธิประสงค์
260    ^aอุบลราชธานี : ^bวิทยาลัยพยาบาลบรมราชชนนี สรรพสิทธิประสงค์,^c2561
310    ^aรายสี่เดือน
850 ^a ULIB^bปีที่ 2 ฉบับที่ 2 ฉ.1 ;ปีที่ 3 ฉบับที่ 1 ฉ.1 ;ปีที่ 2 ฉบับที่ 3 ฉ.1 ;ปีที่ 2 ฉบับที่ 1 ฉ.1 ;ปีที่ 3 ฉบับที่ 2 ฉ.1 ;ปีที่ 3 ฉบับที่ 3 ฉ.1
856    ^aULIB^bปีที่ 2 ฉบับที่ 1 ฉ.1
945    ^p0^l0^i905280
945    ^p0^l0^i905282
945    ^p0^l0^i905281
945    ^p0^l0^i905279
945    ^p0^l0^i905518
945    ^p0^l0^i905519
999    ^aประนอม เกษจรัล
รายการนี้ยังไม่มีแท็ก
คุณยังไม่ได้ล็อกอิน คุณสามารถมีกิจกรรมร่วมกับเว็บไซต์ได้ แต่ต้องล็อกอินก่อน ::
  ล็อกอิน

รายการสื่อสารสนเทศ (วารสาร)

ดูแบบ: กล่อง รายการ
ARRIVED
ปีที่ 2 ฉบับที่ 1 ฉ.1
สถานที่: ห้องสมุดวิทยาเขตสวรรค์ประชารักษ์ >วารสาร
ARRIVED
ปีที่ 2 ฉบับที่ 2 ฉ.1
สถานที่: ห้องสมุดวิทยาเขตสวรรค์ประชารักษ์ >วารสาร
ARRIVED
ปีที่ 2 ฉบับที่ 3 ฉ.1
สถานที่: ห้องสมุดวิทยาเขตสวรรค์ประชารักษ์ >วารสาร
ARRIVED
ปีที่ 3 ฉบับที่ 1 ฉ.1
สถานที่: ห้องสมุดวิทยาเขตสวรรค์ประชารักษ์ >วารสาร
ARRIVED
ปีที่ 3 ฉบับที่ 2 ฉ.1
สถานที่: ห้องสมุดวิทยาเขตสวรรค์ประชารักษ์ >วารสาร
ARRIVED
ปีที่ 3 ฉบับที่ 3 ฉ.1
สถานที่: ห้องสมุดวิทยาเขตสวรรค์ประชารักษ์ >วารสาร

BibComment


ยังไม่เคยถูกคอมเมนท์

คอมเมนท์ทรัพยากรรายการนี้
  คอมเมนท์: วารสารวิทยาศาสตร..


 Copyright 2026. Bcnsprnw @Library